00363nam a22001097a 4500082001100000100002700011245009500038260003700133300001900170650003500189700002900224 a621.39 aMalik, Muhammad Mohsin aPreprocessing and Noise Removal from Optical Coherence Tomography /cMuhammad Mohsin Malik aIslamabad :bCEME - NUST,c2016. a48 p. ;c30cm. aComputer Engineering-MS-Thesis aDr. Muhammad Usman Akram